|
|
|
|
| LEADER |
00000nam0a2200000 4500 |
| 001 |
268826 |
| 005 |
20231031224302.0 |
| 035 |
|
|
|a (RuTPU)RU\TPU\book\291982
|
| 090 |
|
|
|a 268826
|
| 100 |
|
|
|a 20140909d1986 k y0rusy50 ca
|
| 101 |
0 |
|
|a rus
|
| 102 |
|
|
|a RU
|
| 105 |
|
|
|a a z 001zy
|
| 200 |
1 |
|
|a Строительные конструкции и их защита от коррозии
|e [сборник]
|f отв. ред. А. М. Голованов
|
| 210 |
|
|
|a Ростов-на-Дону
|c Изд-во Ростовского ун-та
|d 1986
|
| 215 |
|
|
|a 160 с.
|c ил.
|
| 333 |
|
|
|a Исключено из фонда НТБ ТПУ
|
| 702 |
|
1 |
|a Голованов
|b А. М.
|4 340
|
| 801 |
|
1 |
|a RU
|b 63413507
|c 20140909
|
| 801 |
|
2 |
|a RU
|b 63413507
|c 20220304
|g RCR
|
| 942 |
|
|
|c BK
|